Vítr v zálivu /

Hlavní autor: Lindström, Inga, 1954-
Další autoři: Andrle, Zdeněk, 1980-
Jazyk: Čeština
Vydáno: [Beograd] : Liber Novus d.o.o., [2018]
Témata:
Fyzický popis: 239 stran ; 18 cm
Knihy
Uloženo v:
LEADER 01328nam a2200373 i 4500
001 001818265
003 CZ BrMZK
005 20220623110844.0
007 ta
008 220317t20182018rb g 000 f cze
020 |a 978-86-517-0400-3  |q (brožováno) 
040 |a BOA001  |b cze  |e rda 
041 1 |a cze  |h ger 
072 7 |a 821.112.2-3  |x Německá próza, německy psaná  |2 Konspekt  |9 25 
080 |a 821.112.2-31  |2 MRF 
080 |a (0:82-312.5)  |2 MRF 
100 1 |a Lindström, Inga,  |d 1954-  |7 mzk2015877916  |4 aut 
240 1 0 |a Wind über den Schären.  |l Česky 
245 1 0 |a Vítr v zálivu /  |c Inga Lindström ; přeložil: Zdeněk Andrle 
264 1 |a [Beograd] :  |b Liber Novus d.o.o.,  |c [2018] 
264 4 |c ©2018 
300 |a 239 stran ;  |c 18 cm 
336 |a text  |b txt  |2 rdacontent 
337 |a bez média  |b n  |2 rdamedia 
338 |a svazek  |b nc  |2 rdacarrier 
500 |a Obálkový podnázev: nejkrásnější milostné příběhy ze Švédska 
500 |a Přeloženo z němčiny 
655 7 |a německé romány  |7 fd132945  |2 czenas 
655 7 |a milostné romány  |7 fd132840  |2 czenas 
700 1 |a Andrle, Zdeněk,  |d 1980-  |7 hka2018986122  |4 trl 
910 |a BOA001  |b 1-1480.865 
990 |a BK 
991 |b 202206  |c NOV 
996 7 |b 2610898063  |c 1-1480.865  |l MZK  |r Sklad / do 1 hodiny  |n 0  |p dar  |w 001882331  |u 000010  |a 1  |e BOA001  |j MZK50  |s A